KOHA-Header-6

Marketing for Architects and Engineers (Record no. 12361)

000 -LEADER
fixed length control field 00213nam a22000977a 4500
020 ## - INTERNATIONAL STANDARD BOOK NUMBER
ISBN 0-419202900
082 ## - DEWEY DECIMAL CLASSIFICATION NUMBER
Classification number 658.8
100 ## - MAIN ENTRY--AUTHOR NAME
Personal name Richardson, Brian
245 ## - TITLE STATEMENT
Title Marketing for Architects and Engineers
942 ## - ADDED ENTRY ELEMENTS (KOHA)
Koha item type Books
Holdings
Withdrawn status Lost status Collection code Permanent Location Current Location Shelving location Date acquired Full call number Accession Number Koha item type
    Marketing MAJU MAJU   2020-03-12 658.8 4585 Marketing

Powered by Koha